00341nam a2200133Ia 45000030006000000080041000060400015000471000019000622450059000812600032001403000006001725460012001780050017001900STCL150530s9999 xx 000 0 und d aSTCLcSTCL aMukherjee, T.K aIndian Journal of Traditional Knowlwdge Vol.7-Jan-2008 bNISCAIR; Delhic2008aDelhi a0 aEnglish20220125165905.0